000 00845nas a2200301 4500
001 BR2014002136
003 BR-BrBNA
005 20231205123857.0
007 ta
008 230509b bl.|||p| |||| 00| 00por d
040 _aBR-BrBNA
_bpor
_cBiblioteca Nacional de Agricultura
041 _a(Pt)
072 _aF63; F30
100 1 _aCosta, L.V.
100 1 _aLopes, M.T.G.
100 1 _aLopes, R.
100 1 _aAlves, S.R.M.
245 1 _aPolinização e fixação de frutos em Capsicum chinense Jacq.
650 _aPIMENTA
650 _aGERMOPLASMA
650 _aPOLINIZAÇÃO
650 _aFRUTO
650 _aPLANTA
650 _aMÉTODO ESTATÍSTICO
773 0 _tActa Amazonica (Brazil)
_xISSN 0044-5967
_g(Jun 2008), v. 38(2) p. 361-364
_wBR2014002136
909 _a202311
_bLúcia
_c55
_dLúcia Elande
942 _2AGRIS
_n0
_cANA
999 _c236156
_d236156